La imitación de los modernos: tipografías 2

Gorde:
Xehetasun bibliografikoak
Egile nagusia: Lacoue-Labarthe, Philippe (Egilea)
Formatua: Liburua
Hizkuntza:gaztelania
Argitaratua: Buenos Aires La Cebra 2010
Edizioa:1a. ed
Gaiak:
Etiketak: Etiketa erantsi
Etiketarik gabe, Izan zaitez lehena erregistro honi etiketa jartzen!

MARC

LEADER 00000cam a2200000 a 4500
001 UCF9993
003 CL-VaPUC
008 131227e20100000ag |||||||||||||||||spa|d
020 |a 9789872477066 
082 0 4 |a 194  |b LAC  |2 21 
100 |a Lacoue-Labarthe, Philippe  |e author  |9 592316 
245 1 3 |a La imitación de los modernos: tipografías 2 
250 |a 1a. ed 
300 |a 352 p 
942 |c BK 
945 |d 20131227 10:32:00  |a dcastane 
260 |a Buenos Aires  |b La Cebra  |c 2010 
650 0 |a Filosofía francesa   |9 255698 
650 0 |a Filosofía contemporánea  |9 265372 
583 |a last modification  |c 20190125 02:47:16  |k Rodrigo Vera 
999 |c 354316  |d 354314 
952 |0 0  |1 0  |3 erb  |4 0  |6 194_000000000000000_LAC_2010  |7 0  |8 A  |9 460097  |a BIBART  |b BIBART  |i 5037387  |o 194 LAC 2010  |p 5037387  |r 2025-03-13  |w 2019-11-23  |y BK  |z Catalogado en:20131227  |k ART 
952 |0 0  |1 0  |3 erb  |4 0  |6 194_000000000000000_LAC_2010  |7 0  |8 A  |9 460098  |a FDOPOS  |b BIBEDU  |i 5532612  |l 1  |o 194 LAC 2010  |p 5532612  |r 2025-01-22  |s 2024-05-14  |w 2019-11-23  |y BK  |z Catalogado en:20190125  |k DLH